000 00322nam a22001457a 4500
003 OSt
008 240409b |||||||| |||| 00| 0 eng d
020 _a9788124800270
100 _aBRONTE,Charlotte
245 _aJane Eyre
250 _a1st Ed
260 _aNew Delhi
_bPeacock
_c2023
300 _a481
942 _2ddc
_cREF
999 _c12416
_d12416